| 000 | 00955nam a2200277 i 4500 | ||
|---|---|---|---|
| 003 | DO-SdBNP | ||
| 005 | 20230420155219.0 | ||
| 006 | a|||||r|||| 00| 0 | ||
| 007 | ta | ||
| 008 | 230413e2019 dr ao||er|||| 001 pdspa d | ||
| 020 | _a9789945881578 | ||
| 040 |
_aDO-SdBNP _bspa _cBNPHU _erda |
||
| 082 | 4 |
_222 _bC389p |
|
| 100 | 1 |
_921378 _aCedano, Mario J., _d1959 - |
|
| 245 | 1 | 3 |
_aLa puerta del paraíso / _cMario J. Cedano; fotografía de portada, Monchi Herrera; diagramación, Gerardo Germán |
| 264 | 3 | 3 |
_aSanto Domingo : _bGráficos Roca, _c2019 |
| 300 |
_a89 páginas : _c20 cm. |
||
| 336 |
_2rdaconten _atexto _btxt |
||
| 337 |
_2rdamedia _asin medición _bn |
||
| 338 |
_2rdacarrier _avolumen _bnc |
||
| 500 | _aIncluye datos biográficos del autor en la solapa de la cubierta. | ||
| 590 | _ainventariado 2023 / MF | ||
| 700 | 1 |
_aHerrera, Monchi, _efotografía portada _983250 |
|
| 700 | 1 |
_978310 _aGermán, Gerardo _ediagramdor |
|
| 942 |
_2ddc _cLBS1 |
||
| 999 |
_c53229 _d53229 |
||